Nishaan-e-Manzil Intikhaab: Jehad Fe-Sabilillah (Record no. 7796)
[ view plain ]
| 000 -LEADER | |
|---|---|
| fixed length control field | 00341 a2200133 4500 |
| 040 ## - CATALOGING SOURCE | |
| Original cataloging agency | DLC |
| Language of cataloging | DLC |
| 082 ## - DEWEY DECIMAL CLASSIFICATION NUMBER | |
| Classification number | 297.63 |
| 100 ## - MAIN ENTRY--PERSONAL NAME | |
| Personal name | AEP |
| 245 ## - TITLE STATEMENT | |
| Title | Nishaan-e-Manzil Intikhaab: Jehad Fe-Sabilillah |
| Statement of responsibility, etc. | AEP |
| 260 ## - PUBLICATION, DISTRIBUTION, ETC. | |
| Place of publication, distribution, etc. | Rawalpindi: |
| Name of publisher, distributor, etc. | Army Education Press. |
| 300 ## - PHYSICAL DESCRIPTION | |
| Extent | 287 p. ; |
| Dimensions | 24 cm. |
| 500 ## - GENERAL NOTE | |
| General note | Includes Index |
| 942 ## - ADDED ENTRY ELEMENTS (KOHA) | |
| Koha item type | Book |
| Call number prefix | 297.63 AEP |
| Source of classification or shelving scheme | |
| Withdrawn status | Lost status | Damaged status | Not for loan | Collection code | Permanent Location | Current Location | Shelving location | Date acquired | Source of acquisition | Full call number | Barcode | Date last seen | Price effective from | Koha item type |
|---|---|---|---|---|---|---|---|---|---|---|---|---|---|---|
| NUST Law School (NLS) | NUST Law School (NLS) | General Stacks | 12/13/2005 | Donation | 297.63 AEP | SEECS006755 | 11/14/2012 | 01/05/2017 | Book |
